Toda la vida : (Registro nro. 15186)

Detalles MARC
000 -LEADER
fixed length control field 00799nam a2200265 i 4500
001 - CONTROL NUMBER
control field 000012489
003 - CONTROL NUMBER IDENTIFIER
control field DO-SdBPM
005 - DATE AND TIME OF LATEST TRANSACTION
control field 20250618131939.0
007 - PHYSICAL DESCRIPTION FIXED FIELD--GENERAL INFORMATION
fixed length control field ta
008 - FIXED-LENGTH DATA ELEMENTS--GENERAL INFORMATION
fixed length control field 091113s1995 dr r 001 f spa d
040 ## - CATALOGING SOURCE
Original cataloging agency DO-SdBNP
Language of cataloging spa
Transcribing agency BNPHU
Description conventions rda
082 ## - DEWEY DECIMAL CLASSIFICATION NUMBER
Classification number RD863.44
Item number G277t
Edition number 22
100 1# - MAIN ENTRY--PERSONAL NAME
Personal name Gautier, Manuel Salvador,
Dates associated with a name 1930-2021
Relator term autor
245 10 - TITLE STATEMENT
Title Toda la vida :
Remainder of title novela /
Statement of responsibility, etc. Manuel Salvador Gautier.
264 ## - PRODUCTION, PUBLICATION, DISTRIBUTION, MANUFACTURE, AND COPYRIGHT NOTICE
Place of production, publication, distribution, manufacture Santo Domingo :
Name of producer, publisher, distributor, manufacturer Corripio,
Date of production, publication, distribution, manufacture, or copyright notice 1995.
300 ## - PHYSICAL DESCRIPTION
Extent 435 páginas ;
Dimensions 23 cm.
336 ## - CONTENT TYPE
Content type term rdacontent
Content type code texto
Source txt
337 ## - MEDIA TYPE
Media type term rdamedia
Media type code sin mediación
Source n
338 ## - CARRIER TYPE
Carrier type term rdacarrier
Carrier type code volumen
Source nc
590 ## - LOCAL NOTE (RLIN)
Local note Inventariado, 2025/VM
650 #7 - SUBJECT ADDED ENTRY--TOPICAL TERM
Topical term or geographic name as entry element Novela dominicana
650 #7 - SUBJECT ADDED ENTRY--TOPICAL TERM
Topical term or geographic name as entry element Literatura dominicana.
910 ## - USER-OPTION DATA (OCLC)
User-option data VMateo V. Control de calidad. BPMSU
942 ## - ADDED ENTRY ELEMENTS (KOHA)
Source of classification or shelving scheme Dewey Decimal Classification
Koha item type Libros
Existencias
Withdrawn status Lost status Source of classification or shelving scheme Damaged status Not for loan Collection code Home library Current library Date acquired Total Checkouts Full call number Barcode Date last seen Price effective from Koha item type
    Dewey Decimal Classification     Colección Dominicana Biblioteca Pública Metropolitana Salomé Ureña Biblioteca Pública Metropolitana Salomé Ureña 06/18/2025   BPMSU CD RD863.44 G277t 1995 BPMSU25060076 06/18/2025 06/18/2025 Libros